[Event "Campeonato de Europa 2011 Femenino"]
[Site "Tbilisi GEO"]
[Date "2011.05.13"]
[Round "7.65"]
[White "Javakhishvili, Mariam"]
[Black "Soyunlu, Narmin Asat qizi"]
[Result "0-1"]
[WhiteElo "1491"]
[BlackElo "1884"]
[PlyCount "78"]
[EventDate "2011.05.07"]
[EventType "swiss"]
[EventRounds "11"]
[EventCountry "GEO"]
[Source "lmi"]
[SourceDate "2011.05.07"]

1. e4 e6 2. d4 d5 3. exd5 exd5 4. Nf3 Bg4 5. h3 Bh5 6. Bd3 Bd6 7. O-O Nc6 8. c3
Nge7 9. Be3 Qd7 10. Nbd2 f6 11. Qc2 g5 12. Nh2 O-O-O 13. f3 h6 14. Ng4 Rdf8 15.
Bf2 Kb8 16. Rae1 Be8 17. Nb3 h5 18. Ne3 f5 19. Nc5 Bxc5 20. dxc5 f4 21. Nd1 g4
22. Bh4 gxh3 23. gxh3 Qxh3 24. Qh2 Qd7 25. Kh1 Bg6 26. Bxe7 Bxd3 27. Bxf8 Bxf1
28. Rxf1 Rxf8 29. Qxh5 Qd8 30. Kg2 Rh8 31. Qf5 Rg8+ 32. Kf2 Re8 33. Qxf4 Ne5
34. Qd4 Nd3+ 35. Kg2 Rg8+ 36. Kh2 Qg5 37. Qg4 Qh6+ 38. Qh3 Qf4+ 39. Kh1 Qf6 0-1

[Event "Campeonato de Europa 2011 Femenino"]
[Site "Tbilisi GEO"]
[Date "2011.05.15"]
[Round "8.1"]
[White "Khotenashvili, Bela"]
[Black "Cmilyte, Viktorija"]
[Result "1/2-1/2"]
[WhiteElo "2470"]
[BlackElo "2504"]
[PlyCount "140"]
[EventDate "2011.05.07"]
[EventType "swiss"]
[EventRounds "11"]
[EventCountry "GEO"]
[Source "lmi"]
[SourceDate "2011.05.07"]

1. d4 Nf6 2. c4 e6 3. Nf3 c5 4. d5 d6 5. Nc3 exd5 6. cxd5 g6 7. h3 Bg7 8. e4 a6
9. a4 O-O 10. Bd3 Nh5 11. Bg5 Bf6 12. Be3 Nd7 13. g4 Ng7 14. h4 Bxc3+ 15. bxc3
Nf6 16. Nh2 Qe7 17. Qf3 Qe5 18. Kd2 Re8 19. Bf4 Nxe4+ 20. Bxe4 Qxe4 21. Qxe4
Rxe4 22. Bxd6 Bd7 23. a5 Bb5 24. Rhe1 Rxe1 25. Rxe1 Rd8 26. Bxc5 Ne6 27. Bd4
Nxd4 28. cxd4 Rxd5 29. Kc3 f6 30. g5 fxg5 31. Ng4 Kf7 32. Ne3 Rd6 33. hxg5 b6
34. d5 bxa5 35. Kd4 a4 36. Ng4 Rd8 37. Rc1 Ke7 38. Ke5 a3 39. Ra1 Bc4 40. Ne3
Bb5 41. Rxa3 Rf8 42. f4 Kd7 43. Ng4 Rf5+ 44. Ke4 Kd6 45. Ne5 Bf1 46. Ra2 Rf8
47. Rh2 a5 48. Rc2 Bb5 49. Rb2 Kc5 50. Rc2+ Kd6 51. Rh2 Bf1 52. Rxh7 Bg2+ 53.
Ke3 Bxd5 54. Rd7+ Kc5 55. Nd3+ Kc6 56. Ne5+ Kc5 57. Nxg6 Ra8 58. f5 a4 59. Nf4
Bb3 60. Nd3+ Kc6 61. Rd4 a3 62. g6 Re8+ 63. Re4 a2 64. Nb4+ Kd6 65. Nxa2 Rxe4+
66. Kxe4 Bxa2 67. Kf4 Ke7 68. Kg5 Bb1 69. f6+ Kf8 70. Kh6 Bxg6 1/2-1/2

[Event "Campeonato de Europa 2011 Femenino"]
[Site "Tbilisi GEO"]
[Date "2011.05.15"]
[Round "8.2"]
[White "Cramling, Pia"]
[Black "Javakhishvili, Lela"]
[Result "1/2-1/2"]
[WhiteElo "2468"]
[BlackElo "2454"]
[PlyCount "62"]
[EventDate "2011.05.07"]
[EventType "swiss"]
[EventRounds "11"]
[EventCountry "GEO"]
[Source "lmi"]
[SourceDate "2011.05.07"]

1. c4 Nf6 2. Nc3 e6 3. e4 d5 4. e5 d4 5. exf6 dxc3 6. bxc3 Qxf6 7. d4 c5 8. Nf3
cxd4 9. Bg5 Qf5 10. cxd4 Bb4+ 11. Bd2 Qa5 12. Be2 Nc6 13. Rb1 Bxd2+ 14. Qxd2
Qxd2+ 15. Kxd2 b6 16. Rhc1 Ba6 17. Bd3 Rd8 18. Ke3 O-O 19. Rb3 f5 20. c5 Bxd3
21. Rxd3 Nb4 22. Ra3 Nd5+ 23. Ke2 bxc5 24. Rxc5 Rb8 25. g3 f4 26. Rc2 Rb7 27.
Ne5 h5 28. h4 Kh7 29. Rd2 Rf6 30. Rb3 Rc7 31. Rdb2 Rf8 1/2-1/2

[Event "Campeonato de Europa 2011 Femenino"]
[Site "Tbilisi GEO"]
[Date "2011.05.15"]
[Round "8.7"]
[White "Hoang Thanh Trang"]
[Black "Danielian, Elina"]
[Result "0-1"]
[WhiteElo "2456"]
[BlackElo "2506"]
[PlyCount "104"]
[EventDate "2011.05.07"]
[EventType "swiss"]
[EventRounds "11"]
[EventCountry "GEO"]
[Source "lmi"]
[SourceDate "2011.05.07"]

1. d4 d5 2. Nf3 Nf6 3. e3 c6 4. c4 e6 5. Nbd2 c5 6. cxd5 exd5 7. b3 cxd4 8.
Nxd4 Bb4 9. Qc2 O-O 10. Bd3 Bg4 11. a3 Bd6 12. h3 Bh5 13. Bb2 Nbd7 14. O-O Rc8
15. Qb1 Bg6 16. Bf5 Qe7 17. Rd1 a6 18. Qa2 Bb8 19. N2f3 Ne4 20. Rac1 Rxc1 21.
Rxc1 Ndc5 22. Rd1 Qc7 23. Ba1 Nd3 24. Bxg6 hxg6 25. Qe2 Ndxf2 26. Rf1 Rc8 27.
Bb2 Nh1 28. Qd3 Nhg3 29. Rd1 Nh5 30. Ne2 Qc2 31. Be5 Qxd3 32. Rxd3 Bxe5 33.
Nxe5 Rc2 34. Kf1 Nhf6 35. Nf4 Rc1+ 36. Ke2 g5 37. Nxd5 Nxd5 38. Rxd5 Nc3+ 39.
Kd2 Rd1+ 40. Kxc3 Rxd5 41. Nf3 f6 42. b4 Rd1 43. a4 Kf7 44. b5 axb5 45. axb5
Ke6 46. Kc4 Rc1+ 47. Kd4 Rc2 48. g4 Rf2 49. Ke4 g6 50. Nd4+ Kd6 51. Nb3 Rb2 52.
Nd4 Rh2 0-1

[Event "Campeonato de Europa 2011 Femenino"]
[Site "Tbilisi GEO"]
[Date "2011.05.15"]
[Round "8.8"]
[White "Stefanova, Antoaneta"]
[Black "Bodnaruk, Anastasia"]
[Result "1-0"]
[WhiteElo "2506"]
[BlackElo "2419"]
[PlyCount "81"]
[EventDate "2011.05.07"]
[EventType "swiss"]
[EventRounds "11"]
[EventCountry "GEO"]
[Source "lmi"]
[SourceDate "2011.05.07"]

1. d4 Nf6 2. Nf3 g6 3. g3 Bg7 4. Bg2 O-O 5. O-O d6 6. a4 a5 7. Nc3 Nc6 8. d5
Nb4 9. e4 e6 10. dxe6 Bxe6 11. Nd4 Bc4 12. Re1 Re8 13. b3 Ba6 14. Bb2 d5 15. e5
Ne4 16. f4 f5 17. g4 fxg4 18. Bxe4 dxe4 19. Nxe4 Qh4 20. Qd2 Rad8 21. Qc3 c5
22. Nb5 Bxb5 23. axb5 h6 24. Nf6+ Kh8 25. Nxe8 Rxe8 26. Re2 h5 27. Rxa5 Rd8 28.
Ra1 Rd4 29. Rf1 Rd5 30. Qg3 Qd8 31. Bc3 Na2 32. Bb2 Nb4 33. Qf2 Rd1 34. f5 gxf5
35. Qxf5 h4 36. Qh5+ Kg8 37. Qxg4 Rxf1+ 38. Kxf1 Qd1+ 39. Kf2 Qh1 40. Qxh4 Nd5
41. Re1 1-0

[Event "Campeonato de Europa 2011 Femenino"]
[Site "Tbilisi GEO"]
[Date "2011.05.15"]
[Round "8.11"]
[White "Romanko, Marina"]
[Black "Batsiashvili, Nino"]
[Result "0-1"]
[WhiteElo "2387"]
[BlackElo "2399"]
[PlyCount "74"]
[EventDate "2011.05.07"]
[EventType "swiss"]
[EventRounds "11"]
[EventCountry "GEO"]
[Source "lmi"]
[SourceDate "2011.05.07"]

1. d4 f5 2. c4 Nf6 3. Nc3 g6 4. h4 h6 5. Nh3 Nc6 6. g3 d6 7. Nf4 Rg8 8. d5 Ne5
9. Nd3 Nxd3+ 10. Qxd3 e5 11. dxe6 Bxe6 12. Bg2 c6 13. a4 Ng4 14. a5 a6 15. b3
Qc7 16. f3 Ne5 17. Qe3 Kf7 18. Bb2 Bg7 19. Qd2 b5 20. f4 Ng4 21. cxb5 axb5 22.
b4 Qa7 23. Nd1 Bxb2 24. Qxb2 Rac8 25. Bf3 c5 26. Bxg4 fxg4 27. h5 cxb4 28.
hxg6+ Rxg6 29. Qxb4 Bc4 30. f5 Rf6 31. Rc1 Qd4 32. Qd2 Qe5 33. Qe3 Qxf5 34.
Qa7+ Kg6 35. Qe3 h5 36. Nc3 Re6 37. Qd2 b4 0-1

[Event "Campeonato de Europa 2011 Femenino"]
[Site "Tbilisi GEO"]
[Date "2011.05.15"]
[Round "8.12"]
[White "Khurtsilava, Inga"]
[Black "Matveeva, Svetlana"]
[Result "0-1"]
[WhiteElo "2286"]
[BlackElo "2380"]
[PlyCount "88"]
[EventDate "2011.05.07"]
[EventType "swiss"]
[EventRounds "11"]
[EventCountry "GEO"]
[Source "lmi"]
[SourceDate "2011.05.07"]

1. d4 d5 2. Nf3 e6 3. e3 Nf6 4. Bd3 c5 5. b3 Nc6 6. Bb2 b6 7. a3 Be7 8. Nbd2
Bb7 9. Ne5 Nxe5 10. dxe5 Nd7 11. Qg4 g6 12. O-O Qc7 13. f4 O-O-O 14. Qe2 Nb8
15. c4 Nc6 16. cxd5 exd5 17. Ba6 Bxa6 18. Qxa6+ Kb8 19. b4 Qb7 20. Qe2 cxb4 21.
Nb3 bxa3 22. Bxa3 Bxa3 23. Rxa3 d4 24. Rb1 Qe7 25. Ra4 dxe3 26. Qxe3 Rd5 27.
Rc4 Qd7 28. Rcc1 Ka8 29. h3 Rd8 30. Kh2 Nd4 31. Qe4 Qf5 32. Qe3 Ne6 33. Rf1 Rd3
34. Qf2 Qe4 35. Rb2 Qd5 36. Qc2 Kb8 37. Rf2 Rc8 38. Qb1 Rd1 39. Qa2 Nxf4 40.
Rxf4 Qxe5 41. Rbf2 g5 42. Qa4 gxf4 43. Qxf4 Qxf4+ 44. Rxf4 Rc3 0-1

[Event "Campeonato de Europa 2011 Femenino"]
[Site "Tbilisi GEO"]
[Date "2011.05.15"]
[Round "8.20"]
[White "Stojanovic, Andjelija"]
[Black "Pogonina, Natalija"]
[Result "0-1"]
[WhiteElo "2326"]
[BlackElo "2448"]
[PlyCount "95"]
[EventDate "2011.05.07"]
[EventType "swiss"]
[EventRounds "11"]
[EventCountry "GEO"]
[Source "lmi"]
[SourceDate "2011.05.07"]

1. d4 Nf6 2. Nf3 d5 3. g3 e6 4. Bg2 b5 5. a4 b4 6. c4 bxc3 7. bxc3 Ba6 8. O-O
Be7 9. Na3 Nbd7 10. c4 c6 11. Nd2 O-O 12. Re1 Bb4 13. Nc2 Bc3 14. Ba3 Bxa1 15.
Bxf8 Bxd4 16. Nxd4 Qxf8 17. Nxc6 Qd6 18. Nd4 Rc8 19. cxd5 Nxd5 20. Ne4 Qb4 21.
Qa1 N7b6 22. a5 Nc4 23. Rb1 Qe7 24. h4 h6 25. Nb5 Rb8 26. Nd4 Rxb1+ 27. Qxb1
Qc7 28. Nb5 Qb8 29. Nec3 Nxc3 30. Nxc3 Qxb1+ 31. Nxb1 Nxa5 32. Kf1 Kf8 33. Ke1
Nb3 34. e3 Ke7 35. Bc6 Bd3 36. Nc3 a5 37. Na4 Kd6 38. Be8 f6 39. Nb2 Ba6 40.
Kd1 Nc5 41. f3 Nd3 42. Na4 Ne5 43. f4 Nc4 44. e4 Bb7 45. Nc3 Kc5 46. Bf7 Nd6
47. Bxe6 Nxe4 48. Kc1 0-1

[Event "Campeonato de Europa 2011 Femenino"]
[Site "Tbilisi GEO"]
[Date "2011.05.15"]
[Round "8.23"]
[White "Kachiani-Gersinska, Ketino"]
[Black "Foisor, Cristina-Adela"]
[Result "0-1"]
[WhiteElo "2309"]
[BlackElo "2414"]
[PlyCount "76"]
[EventDate "2011.05.07"]
[EventType "swiss"]
[EventRounds "11"]
[EventCountry "GEO"]
[Source "lmi"]
[SourceDate "2011.05.07"]

1. d4 g6 2. c4 Bg7 3. e4 d6 4. Nc3 e5 5. Nf3 Nc6 6. Bg5 f6 7. Be3 Nh6 8. h3 Nf7
9. Qd2 O-O 10. O-O-O exd4 11. Nxd4 Nxd4 12. Bxd4 c6 13. h4 h5 14. Be2 Qa5 15.
Kb1 Be6 16. f4 c5 17. Be3 f5 18. Nb5 Qb6 19. g4 fxg4 20. Bd3 a6 21. Nc3 Qb4 22.
Nd5 Qxd2 23. Ne7+ Kh7 24. Bxd2 Rae8 25. Nxg6 Kxg6 26. f5+ Kh7 27. fxe6 Ne5 28.
Bc2 Rxe6 29. Bc3 Rg6 30. Ba4 g3 31. Bxe5 Bxe5 32. Bd7 g2 33. Rhg1 Bh2 34. Bf5
Bxg1 35. Rxg1 Rxf5 36. exf5 Rg4 37. Kc2 Rxc4+ 38. Kd3 Rg4 0-1

[Event "Campeonato de Europa 2011 Femenino"]
[Site "Tbilisi GEO"]
[Date "2011.05.15"]
[Round "8.24"]
[White "Cherednichenko, Svetlana"]
[Black "Zawadzka, Jolanta"]
[Result "0-1"]
[WhiteElo "2297"]
[BlackElo "2400"]
[PlyCount "106"]
[EventDate "2011.05.07"]
[EventType "swiss"]
[EventRounds "11"]
[EventCountry "GEO"]
[Source "lmi"]
[SourceDate "2011.05.07"]

1. d4 d5 2. Nf3 Nf6 3. e3 c5 4. dxc5 e6 5. a3 Bxc5 6. c4 O-O 7. Nbd2 Nc6 8. b4
Bd6 9. Bb2 a6 10. Bd3 Qe7 11. O-O Rd8 12. Qc2 h6 13. cxd5 exd5 14. e4 Ne5 15.
Nxe5 Bxe5 16. Bxe5 Qxe5 17. Nf3 Qf4 18. e5 Ne4 19. Qc1 Qg4 20. Qe3 Re8 21. Rac1
Bd7 22. Nd4 Qh5 23. f4 f6 24. Bxe4 dxe4 25. Qxe4 fxe5 26. Qd5+ Kh8 27. Qxd7
exd4 28. Rc7 Qg6 29. Qxd4 Rad8 30. Rd7 Rxd7 31. Qxd7 Qe4 32. h3 Re7 33. Qd8+
Kh7 34. f5 Rf7 35. Qc8 Qe3+ 36. Kh1 Qxa3 37. Qc4 Rf6 38. Qe4 b6 39. Rd1 Qa4 40.
Rd8 Qb5 41. Rd5 Qc6 42. Qd4 Qc2 43. Qf4 Qc3 44. Qe4 a5 45. b5 Qa3 46. Kh2 Qb3
47. g4 a4 48. h4 Qb2+ 49. Kh3 Qc1 50. Rd8 h5 51. Rd5 hxg4+ 52. Kxg4 a3 53. Qf3
a2 0-1

[Event "Campeonato de Europa 2011 Femenino"]
[Site "Tbilisi GEO"]
[Date "2011.05.15"]
[Round "8.26"]
[White "Isgandarova, Khayala Ilqar qizi"]
[Black "Charkhalashvili, Inga"]
[Result "1-0"]
[WhiteElo "2143"]
[BlackElo "2373"]
[PlyCount "77"]
[EventDate "2011.05.07"]
[EventType "swiss"]
[EventRounds "11"]
[EventCountry "GEO"]
[Source "lmi"]
[SourceDate "2011.05.07"]

1. e4 c6 2. d4 d5 3. exd5 cxd5 4. c4 Nf6 5. Nc3 e6 6. Nf3 Bb4 7. Bd3 dxc4 8.
Bxc4 O-O 9. O-O Nc6 10. Bg5 Be7 11. Bd3 b6 12. Bxf6 Bxf6 13. Be4 Bb7 14. Ne5
Rc8 15. Qa4 Bxe5 16. dxe5 a6 17. Rad1 Qe7 18. f4 b5 19. Qc2 h6 20. Qf2 Na5 21.
f5 Bxe4 22. Nxe4 exf5 23. Nd6 Rcd8 24. Nxf5 Qxe5 25. Rde1 Qc7 26. Re3 Qb6 27.
Qg3 g5 28. Qe5 f6 29. Qe7 Qb7 30. Nxh6+ Kh8 31. Nf7+ Kg8 32. Nxd8 Qxe7 33. Rxe7
Rxd8 34. Rxf6 Nc4 35. Rxa6 Nxb2 36. Rg6+ Kf8 37. Rb7 Rd1+ 38. Kf2 Rd2+ 39. Kg3
1-0

[Event "Campeonato de Europa 2011 Femenino"]
[Site "Tbilisi GEO"]
[Date "2011.05.15"]
[Round "8.28"]
[White "Bulmaga, Irina"]
[Black "Kovanova, Baira"]
[Result "1-0"]
[WhiteElo "2284"]
[BlackElo "2361"]
[PlyCount "111"]
[EventDate "2011.05.07"]
[EventType "swiss"]
[EventRounds "11"]
[EventCountry "GEO"]
[Source "lmi"]
[SourceDate "2011.05.07"]

1. e4 e5 2. Nf3 Nc6 3. Bc4 Bc5 4. c3 Nf6 5. d3 a6 6. Nbd2 Ba7 7. Bb3 O-O 8. O-O
d6 9. Re1 Ng4 10. Re2 h6 11. h3 Nf6 12. Re1 Nh5 13. Nf1 Qf6 14. Ne3 Nf4 15. Ng4
Bxg4 16. hxg4 Rad8 17. Bd5 Rb8 18. Bb3 Ne7 19. d4 Neg6 20. Be3 Bb6 21. g3 Ne6
22. Kg2 exd4 23. cxd4 c5 24. e5 dxe5 25. dxe5 Nxe5 26. Nxe5 Qxe5 27. Bxh6 Qf6
28. g5 Qd4 29. g6 c4 30. Be3 Qxd1 31. gxf7+ Rxf7 32. Raxd1 Bxe3 33. Bxc4 Rxf2+
34. Kh3 Bh6 35. Rxe6 Kh8 36. Rde1 Rbf8 37. b4 Bd2 38. Rh1 Bh6 39. Bd5 R2f7 40.
g4 Rd7 41. Bb3 Rd4 42. Kg3 Rd3+ 43. Kh4 Rd4 44. Kh5 Rxb4 45. g5 Rb5 46. Rg1 Rc5
47. Kg6 a5 48. gxh6 gxh6 49. Rf6 Rd8 50. Rh1 Rg5+ 51. Kf7 Rd7+ 52. Kf8 h5 53.
Bf7 Rd8+ 54. Ke7 Rd2 55. Rxh5+ Rxh5 56. Bxh5 1-0

[Event "Campeonato de Europa 2011 Femenino"]
[Site "Tbilisi GEO"]
[Date "2011.05.15"]
[Round "8.29"]
[White "Purtseladze, Maka"]
[Black "Yildiz, Betul Cemre"]
[Result "1/2-1/2"]
[WhiteElo "2352"]
[BlackElo "2219"]
[PlyCount "80"]
[EventDate "2011.05.07"]
[EventType "swiss"]
[EventRounds "11"]
[EventCountry "GEO"]
[Source "lmi"]
[SourceDate "2011.05.07"]

1. d4 d5 2. c4 dxc4 3. e3 e5 4. Bxc4 exd4 5. exd4 Bd6 6. Nf3 Nf6 7. O-O O-O 8.
Nc3 Nc6 9. Bg5 h6 10. Bh4 Bg4 11. h3 Bxf3 12. Qxf3 Nxd4 13. Qxb7 Rb8 14. Qxa7
Ra8 15. Qb7 Rb8 16. Bxf6 Qxf6 17. Qd5 c6 18. Qh5 Qf4 19. g3 Nf3+ 20. Kg2 Qxc4
21. Qxf3 Rxb2 22. Rac1 Be5 23. Ne4 Qe2 24. Rxc6 Rc2 25. Rxc2 Qxc2 26. Qf5 Qc7
27. Rd1 g6 28. Qd7 Qxd7 29. Rxd7 Ra8 30. f4 Bg7 31. Rd3 Ra4 32. Kf3 Rd4 33.
Rxd4 Bxd4 34. g4 Kg7 35. f5 Be5 36. Ke3 h5 37. Nf2 hxg4 38. hxg4 gxf5 39. gxf5
Bc7 40. Ng4 Bd8 1/2-1/2

[Event "Campeonato de Europa 2011 Femenino"]
[Site "Tbilisi GEO"]
[Date "2011.05.15"]
[Round "8.30"]
[White "Severiukhina, Zoja"]
[Black "Gaponenko, Inna"]
[Result "0-1"]
[WhiteElo "2291"]
[BlackElo "2455"]
[PlyCount "122"]
[EventDate "2011.05.07"]
[EventType "swiss"]
[EventRounds "11"]
[EventCountry "GEO"]
[Source "lmi"]
[SourceDate "2011.05.07"]

1. e4 c5 2. Nf3 d6 3. d4 cxd4 4. Nxd4 Nf6 5. Nc3 g6 6. Be3 Bg7 7. f3 Nc6 8. Qd2
O-O 9. Bc4 Bd7 10. O-O-O Rb8 11. h4 b5 12. Bb3 Na5 13. Bh6 Bxh6 14. Qxh6 e5 15.
Nde2 b4 16. Nd5 Nxb3+ 17. axb3 Nxd5 18. Rxd5 Be6 19. h5 Qc7 20. hxg6 fxg6 21.
Rxd6 Rfc8 22. c3 Bxb3 23. f4 Qxd6 24. Qxh7+ Kf8 25. Qh8+ Ke7 26. Qg7+ Bf7 27.
fxe5 Qa6 28. Nf4 Qa1+ 29. Kc2 Rxc3+ 30. bxc3 Qxc3+ 31. Kd1 Qd4+ 32. Ke1 Qxe4+
33. Ne2 Qb1+ 34. Kf2 Qf5+ 35. Ke1 b3 36. Ng3 Qg5 37. Ne4 Qe3+ 38. Kd1 Qd4+ 39.
Nd2 Qg4+ 40. Ke1 Qe6 41. Rh8 Rxh8 42. Qxh8 Qb6 43. Qh4+ Kf8 44. Qh8+ Bg8 45.
Qh6+ Ke8 46. Qh8 Qe3+ 47. Kf1 Qf4+ 48. Kg1 Kf8 49. Nb1 a5 50. Kh1 a4 51. Kg1
Qf5 52. Qh6+ Ke8 53. Qc1 Qc2 54. Qe1 Bd5 55. Nd2 b2 56. Kh2 a3 57. Qh4 Qxd2 58.
Qh8+ Kd7 59. Qg7+ Kc6 60. Qxg6+ Kb5 61. Qe8+ Kb4 0-1

[Event "Campeonato de Europa 2011 Femenino"]
[Site "Tbilisi GEO"]
[Date "2011.05.15"]
[Round "8.31"]
[White "Charochkina, Daria"]
[Black "Khukhashvili, Sopiko"]
[Result "0-1"]
[WhiteElo "2320"]
[BlackElo "2421"]
[PlyCount "106"]
[EventDate "2011.05.07"]
[EventType "swiss"]
[EventRounds "11"]
[EventCountry "GEO"]
[Source "lmi"]
[SourceDate "2011.05.07"]

1. d4 Nf6 2. c4 e6 3. Nc3 Bb4 4. Qc2 O-O 5. a3 Bxc3+ 6. Qxc3 b6 7. Bg5 Bb7 8.
e3 d6 9. f3 Nbd7 10. Bd3 Rc8 11. Nh3 c5 12. Qc2 h6 13. Bf4 cxd4 14. Bxd6 Re8
15. exd4 e5 16. O-O exd4 17. b4 Nd5 18. Qb2 Ne3 19. Rfc1 Qf6 20. c5 Ne5 21.
Bxe5 Qxe5 22. Bb5 Red8 23. c6 Ba8 24. a4 Qd6 25. Nf2 Bxc6 26. Ba6 Rc7 27. Nd3
Re7 28. Ra3 Re6 29. Bc4 Rg6 30. Bxf7+ Kxf7 31. Rxc6 Qxc6 32. Ne5+ Kf8 33. Nxc6
Rxc6 34. b5 Rc5 35. Rd3 Nc4 36. Qa1 Rcd5 37. f4 Na5 38. Qc1 Nb7 39. f5 Nc5 40.
Rf3 d3 41. f6 d2 42. fxg7+ Kxg7 43. Qd1 Nd7 44. h4 Ne5 45. Rf2 Rd4 46. Rf1 Rf8
47. Rxf8 Kxf8 48. Kf2 Ke7 49. Ke3 Rd5 50. Ke4 Kd6 51. g4 Nc4 52. g5 hxg5 53.
hxg5 Rxg5 0-1

[Event "Campeonato de Europa 2011 Femenino"]
[Site "Tbilisi GEO"]
[Date "2011.05.15"]
[Round "8.32"]
[White "Shadrina, Tatiana"]
[Black "Ziaziulkina, Nastassia"]
[Result "0-1"]
[WhiteElo "2397"]
[BlackElo "2291"]
[PlyCount "138"]
[EventDate "2011.05.07"]
[EventType "swiss"]
[EventRounds "11"]
[EventCountry "GEO"]
[Source "lmi"]
[SourceDate "2011.05.07"]

1. e4 e5 2. Nf3 Nf6 3. Nc3 Nc6 4. Bb5 Nd4 5. Bc4 d6 6. Nxd4 exd4 7. Nd5 Nd7 8.
d3 c6 9. Nf4 g6 10. O-O Bg7 11. c3 O-O 12. cxd4 Bxd4 13. Ne2 Bg7 14. d4 d5 15.
exd5 Nb6 16. Bb3 Nxd5 17. Nc3 Be6 18. Qf3 Rc8 19. Rd1 Re8 20. h3 Nb6 21. Bc2
Qh4 22. Bf4 Nd5 23. Bg3 Qf6 24. Be4 Qxf3 25. Bxf3 Nb4 26. Be5 f6 27. Bd6 Nd5
28. Bc5 b6 29. Bd6 f5 30. a3 Red8 31. Be5 Rd7 32. Re1 Bf7 33. Rac1 Ne7 34. b4
Bh6 35. Rc2 Bb3 36. Rb2 Bc4 37. g4 Kf7 38. Bg2 c5 39. dxc5 bxc5 40. b5 Be6 41.
gxf5 gxf5 42. Na4 Rd3 43. b6 axb6 44. Rxb6 Bd2 45. Rd1 c4 46. Rb7 Rg8 47. Kf1
Rxg2 48. Nc5 Bd5 49. Rd7 Rxf2+ 50. Kxf2 Be3+ 51. Ke2 Bxc5 52. Rxd3 cxd3+ 53.
Kxd3 Ke6 54. Rc7 Bb6 55. a4 Ng6 56. Rxh7 Kxe5 57. h4 Bf3 58. Rh6 Nf4+ 59. Kd2
Nd5 60. Rh8 Kd4 61. h5 f4 62. h6 Be4 63. Rf8 Bd3 64. Rf7 Ba5+ 65. Kc1 Ke3 66.
h7 Bc3 67. Rd7 f3 68. Rd8 Bxh7 69. Rxd5 f2 0-1

[Event "Campeonato de Europa 2011 Femenino"]
[Site "Tbilisi GEO"]
[Date "2011.05.15"]
[Round "8.34"]
[White "Khazhomia, Salome"]
[Black "Milliet, Sophie"]
[Result "1-0"]
[WhiteElo "2152"]
[BlackElo "2388"]
[PlyCount "83"]
[EventDate "2011.05.07"]
[EventType "swiss"]
[EventRounds "11"]
[EventCountry "GEO"]
[Source "lmi"]
[SourceDate "2011.05.07"]

1. d4 Nf6 2. c4 c5 3. e3 g6 4. Be2 Bg7 5. Nc3 cxd4 6. exd4 O-O 7. Nf3 d5 8. Ne5
Be6 9. Bf3 Nc6 10. O-O Rc8 11. Nxc6 bxc6 12. c5 Rb8 13. a3 Bf5 14. Ra2 Ne4 15.
Bf4 Nxc3 16. bxc3 Rb1 17. Qa4 Rxf1+ 18. Kxf1 Qd7 19. Rb2 Bd3+ 20. Kg1 Re8 21.
Qd1 Bc4 22. Bg4 e6 23. h3 h5 24. Be2 Bxe2 25. Rxe2 Qb7 26. Qc1 Qa6 27. Qb2 Qc4
28. Re3 Qa6 29. Re1 Kh7 30. Qb4 f6 31. Bd6 e5 32. Rb1 Qd3 33. Qb7 Kh6 34. Rf1
exd4 35. cxd4 Qxd4 36. Qxc6 Re2 37. Qc8 Rc2 38. Qe8 f5 39. g3 Kh7 40. Qd7 h4
41. gxh4 Rc3 42. h5 1-0

[Event "Campeonato de Europa 2011 Femenino"]
[Site "Tbilisi GEO"]
[Date "2011.05.15"]
[Round "8.35"]
[White "Sharevich, Anna"]
[Black "Gavasheli, Ana"]
[Result "1/2-1/2"]
[WhiteElo "2378"]
[BlackElo "2160"]
[PlyCount "106"]
[EventDate "2011.05.07"]
[EventType "swiss"]
[EventRounds "11"]
[EventCountry "GEO"]
[Source "lmi"]
[SourceDate "2011.05.07"]

1. d4 Nf6 2. c4 e6 3. g3 c5 4. d5 exd5 5. cxd5 b5 6. e4 Nxe4 7. Qe2 Qe7 8. Be3
Bb7 9. Bg2 Bxd5 10. Nf3 Bc6 11. O-O g6 12. Re1 Bg7 13. Qc2 O-O 14. Nbd2 Nxd2
15. Nxd2 Re8 16. Bxc5 Qxe1+ 17. Rxe1 Rxe1+ 18. Nf1 Re8 19. Qd2 a5 20. Ne3 Bxg2
21. Kxg2 Nc6 22. Nd5 d6 23. Be3 Rac8 24. Nb6 Rc7 25. Nd5 Rcc8 26. Bh6 b4 27.
Bxg7 Kxg7 28. b3 Ne5 29. Ne3 Re6 30. Nd5 Rc5 31. Nf4 Re8 32. Qxd6 Rc2 33. Qd4
Rxa2 34. Nd5 Re2 35. Ne3 Ra2 36. Ng4 Re2 37. Kf1 f6 38. Qa7+ Nf7 39. Qxa5 R2e4
40. Ne3 R8e5 41. Qa7 Re7 42. Qa1 Rd7 43. Qa8 Red4 44. Qb8 Ne5 45. Kg2 Rd2 46.
Qb5 Ra7 47. Nc4 Nxc4 48. Qxc4 Rb7 49. h4 h5 50. g4 hxg4 51. Qxg4 Rb5 52. Qf4
Rb7 53. Qc4 Rdd7 1/2-1/2

[Event "Campeonato de Europa 2011 Femenino"]
[Site "Tbilisi GEO"]
[Date "2011.05.15"]
[Round "8.39"]
[White "Szczepkowska-Horowska, Karina"]
[Black "Hairapetian, Anna"]
[Result "1-0"]
[WhiteElo "2336"]
[BlackElo "2128"]
[PlyCount "67"]
[EventDate "2011.05.07"]
[EventType "swiss"]
[EventRounds "11"]
[EventCountry "GEO"]
[Source "lmi"]
[SourceDate "2011.05.07"]

1. e4 c5 2. Nf3 d6 3. d4 cxd4 4. Nxd4 Nf6 5. Nc3 a6 6. Be2 e5 7. Nb3 Be7 8. O-O
O-O 9. Re1 Be6 10. Bf3 a5 11. a4 Na6 12. Nd2 Rc8 13. Nf1 Nb4 14. Ne3 Re8 15.
Re2 Qb6 16. Nb5 d5 17. exd5 e4 18. dxe6 exf3 19. exf7+ Kxf7 20. Rd2 fxg2 21. c3
Na6 22. Nf5 Ne4 23. Re2 Nac5 24. Qd5+ Kf8 25. Nxe7 Kxe7 26. b4 axb4 27. cxb4
Kf8 28. bxc5 Qg6 29. c6 bxc6 30. Ba3+ c5 31. Rae1 Rcd8 32. Qc4 Qc6 33. Rxe4
Rxe4 34. Bxc5+ 1-0

[Event "Campeonato de Europa 2011 Femenino"]
[Site "Tbilisi GEO"]
[Date "2011.05.15"]
[Round "8.40"]
[White "Melashvili, Nino"]
[Black "Mammadova, Gulnar Marfat qizi"]
[Result "1/2-1/2"]
[WhiteElo "2104"]
[BlackElo "2312"]
[PlyCount "122"]
[EventDate "2011.05.07"]
[EventType "swiss"]
[EventRounds "11"]
[EventCountry "GEO"]
[Source "lmi"]
[SourceDate "2011.05.07"]

1. Nf3 g6 2. d4 Bg7 3. Nc3 d5 4. Bf4 Nf6 5. Qd2 Bf5 6. Nh4 Be6 7. Bh6 Bxh6 8.
Qxh6 c5 9. dxc5 Qa5 10. Qd2 Qxc5 11. e3 Nc6 12. Nf3 Rd8 13. Nd4 Bc8 14. Nxc6
bxc6 15. Qd4 Qa5 16. Be2 O-O 17. O-O Qc7 18. Rad1 c5 19. Qh4 Qb6 20. b3 Qa5 21.
Na4 Bd7 22. Bf3 c4 23. Nb2 Qxa2 24. Qd4 Qa3 25. bxc4 Rb8 26. Nd3 dxc4 27. Ra1
Qd6 28. Ne5 Bf5 29. Rxa7 Bxc2 30. Qxd6 exd6 31. Nxc4 Bd3 32. Nxd6 Bxf1 33. Kxf1
Rbd8 34. Nc4 Rfe8 35. g4 Ne4 36. Kg2 Kg7 37. Be2 Kf8 38. f4 f6 39. Rxh7 Nd2 40.
Rh8+ Kf7 41. Rxe8 Kxe8 42. Nxd2 Rxd2 43. Kf3 Rb2 44. h4 Kf7 45. Bc4+ Kg7 46. g5
Rh2 47. Kg3 Rh1 48. e4 Re1 49. Bd5 Rg1+ 50. Kh3 Rh1+ 51. Kg3 Rg1+ 52. Kf3 Rh1
53. gxf6+ Kxf6 54. e5+ Kg7 55. Kg3 Re1 56. Bf3 Kf7 57. h5 gxh5 58. Bxh5+ Ke6
59. Bg4+ Kd5 60. Kh4 Rxe5 61. fxe5 Kxe5 1/2-1/2

[Event "Campeonato de Europa 2011 Femenino"]
[Site "Tbilisi GEO"]
[Date "2011.05.15"]
[Round "8.42"]
[White "Skrabakova, Katarina"]
[Black "Ozturk, Kubra"]
[Result "0-1"]
[WhiteElo "2071"]
[BlackElo "2262"]
[PlyCount "58"]
[EventDate "2011.05.07"]
[EventType "swiss"]
[EventRounds "11"]
[EventCountry "GEO"]
[Source "lmi"]
[SourceDate "2011.05.07"]

1. e4 e5 2. Nf3 Nc6 3. d4 exd4 4. Nxd4 Bc5 5. Nxc6 Qf6 6. Qf3 dxc6 7. Nd2 Bd7
8. Bc4 Ne7 9. Qxf6 gxf6 10. Nb3 Bd6 11. O-O f5 12. exf5 Bxf5 13. c3 Rg8 14. Re1
Rg7 15. Nd4 Bh3 16. g3 O-O-O 17. Nf3 Nd5 18. Be3 Bg4 19. Bd4 Rgg8 20. Nd2 b6
21. Ne4 Be6 22. Ba6+ Kb8 23. Nf6 Rg6 24. Ne4 Be7 25. f3 c5 26. Be3 f5 27. Ng5
Nxe3 28. Nxe6 Rxe6 29. Kf2 Rd2+ 0-1